000 00611nam a2200277Ia 4500
001 Z_2543
003 CHAP
008 220113s1969 xx 000 0 und d
010 _a165602
040 _cCHAP
082 _a574.5 K6y
100 _aKormondy, Edward J
_963738
245 _aConceptos de ecología /
_cpor Edward J Kormondy
260 _aMadrid :
_bAlianza,
_c1969
300 _a248 p. :
_bilus. ; gráfs.
440 _a
500 _a
503 _a
650 _aEcología I. t.
901 _a574.5 K6y
902 _aA
910 _a1969
942 _c1
942 _cc1
999 _c165602
_d165602